Report Of The Committee on Roads and Transport on the Determination Of The Urgency or Otherwise of the Air Navigation Services Bill, 2020 (Record no. 1643)

MARC details
000 -LEADER
fixed length control field 00633nam a2200157Ia 4500
008 - FIXED-LENGTH DATA ELEMENTS--GENERAL INFORMATION
fixed length control field 240428s9999||||xx |||||||||||||| ||und||
041 ## - LANGUAGE CODE
Language code of text/sound track or separate title eng
082 ## - DEWEY DECIMAL CLASSIFICATION NUMBER
Classification number BR/IT(A)/20
100 ## - MAIN ENTRY--PERSONAL NAME
Personal name Committee on Roads And Transport
245 #0 - TITLE STATEMENT
Title Report Of The Committee on Roads and Transport on the Determination Of The Urgency or Otherwise of the Air Navigation Services Bill, 2020
260 ## - PUBLICATION, DISTRIBUTION, ETC.
Name of publisher, distributor, etc. Committee On Roads And Transport
Place of publication, distribution, etc. Accra
Date of publication, distribution, etc. 2020
300 ## - PHYSICAL DESCRIPTION
Extent 3p.
650 ## - SUBJECT ADDED ENTRY--TOPICAL TERM
Topical term or geographic name entry element Report Of The Committee on Roads and Transport on the Determination Of The Urgency - Otherwise of the Air Navigation Services Bill, 2020
942 ## - ADDED ENTRY ELEMENTS (KOHA)
Koha item type Bills From Committees
Holdings
Withdrawn status Lost status Damaged status Not for loan Home library Current library Shelving location Date acquired Total checkouts Full call number Date last seen Copy number Price effective from Koha item type
        Main Library Main Library Open Shelves 25/08/2022   BR/IT(A)/20 1951 C1 - BR/IT(A)/20 1952 C2 - BR/IT(A)/20 1953 C3 29/04/2024 1 29/04/2024 Bills From Committees
©2026  Parliament of Ghana Library - All rights reserved